000 00558nam a2200229Ia 4500
003 OSt
005 20221005124348.0
006 a|||||r|||| 00| 0
007 ta
008 221004b |||||||| |||| 00| 0 mal d
024 _a52860
037 _cTextual
040 _aCRL
_cCRL
_bmal
041 _2mal
_amal
082 _aKZ2:4:6, 32K4
100 _aViswanathan Au.
_9626292
245 0 _aMriga ehikitsa
260 _c1964
650 _aZOOLOGY
942 _hKZ2:4:6, 32K4
_cTEXL
_2cc
999 _c1050239
_d1050239